书目信息 |
| 题名: |
原子光谱学和痕量分析研究
|
|
| 作者: | 孙汉文, 著 | |
| 分册: | ||
| 出版信息: | 保定 河北大学出版社 2001 |
|
| 页数: | 595页 | |
| 开本: | 21cm | |
| 丛书名: | 河北大学博导书系 | |
| 单 册: | ||
| 中图分类: | O562.3 | |
| 科图分类: | ||
| 主题词: | 原子光谱学--yuan zi guang pu xue--研究 , 痕量分析--hen liang fen xi--研究 | |
| 电子资源: | ||
| ISBN: | 7-81028-769-9 | |
| 000 | 00910nam 2200265 450 | |
| 001 | 0000091767 | |
| 005 | 20070719100807.73 | |
| 010 | @a7-81028-769-9@dCNY34.00 | |
| 100 | @a20020304d2001 emky0chiy0121 ea | |
| 101 | 0 | @achi@aeng |
| 102 | @aCN@b130000 | |
| 105 | @aak a 000yy | |
| 200 | 1 | @a原子光谱学和痕量分析研究@Ayuan zi guang pu xue he hen liang fen xi yan jiu@d= Atomic spectroscopy and trace analysis@f孙汉文著@zeng |
| 210 | @a保定@c河北大学出版社@d2001 | |
| 215 | @a595页@c图@d21cm | |
| 225 | 2 | @a河北大学博导书系@Ahe bei da xue bo dao shu xi |
| 320 | @a有书目 | |
| 410 | 0 | @12001 @a河北大学博导书系 |
| 510 | 1 | @aAtomic spectroscopy and trace analysis@zeng |
| 606 | 0 | @a原子光谱学@Ayuan zi guang pu xue@x研究 |
| 606 | 0 | @a痕量分析@Ahen liang fen xi@x研究 |
| 690 | @aO562.3@v4 | |
| 701 | 0 | @a孙汉文,@Asun han wen@f1945- @4著 |
| 801 | 0 | @aCN@bPFT@c20070719 |
| 905 | @a10447@dO562.3@e49 | |
| 原子光谱学和痕量分析研究= Atomic spectroscopy and trace analysis/孙汉文著.-保定:河北大学出版社,2001 |
| 595页:图;21cm.-(河北大学博导书系) |
| ISBN 7-81028-769-9:CNY34.00 |
| ● |
| 相关链接 |
|
|
|
|
正题名:原子光谱学和痕量分析研究
索取号:O562.3/49
 
预约/预借
| 序号 | 登录号 | 条形码 | 馆藏地/架位号 | 状态 | 备注 |
| 1 | 0780758 | 207807587 | 第二样本阅览室/ [索取号:O562.3/49] | 在馆 | |
| 2 | 0780759 | 207807596 | 第三借阅区/ [索取号:O562.3/49] | 在馆 | |
| 3 | 0780760 | 207807603 | 第三借阅区/ [索取号:O562.3/49] | 在馆 | |
| 4 | 0780761 | 207807612 | 第三借阅区/ [索取号:O562.3/49] | 在馆 | |
| 5 | 0780762 | 207807621 | 第三借阅区/ [索取号:O562.3/49] | 在馆 | |
| 6 | 0780763 | 207807630 | 第三借阅区/ [索取号:O562.3/49] | 在馆 | |
| 7 | 0780764 | 207807649 | 第三借阅区/ [索取号:O562.3/49] | 在馆 | |
| 8 | 0780765 | 207807658 | 第三借阅区/ [索取号:O562.3/49] | 在馆 | |
| 9 | 0780766 | 207807667 | 第三借阅区/ [索取号:O562.3/49] | 在馆 | |
| 10 | 0780767 | 207807676 | 第三借阅区/ [索取号:O562.3/49] | 在馆 |